000 00427nam a22001817a 4500
003 MPLRDC
005 20220104143726.0
008 210129b ||||| |||| 00| 0 eng d
020 _a9971-64-111-9
082 _a868.8 XXK
100 _a薛献孔
245 _a牛车水传奇
_c
250 _a四版
260 _a新加坡
_bHEINEMANN ASIA
_c1985
300 _b222
650 _a新加坡文学
942 _cBK
_o868.8 XXK
999 _c42726
_d42716